Wieder und Wider - Statistiken

Allgemein
  • Dieses Quiz wurde 412 mal gespielt
  • Das Durchschnittsergebnis liegt bei 14 aus 18
Antwortstatistiken
Hint Antwort % Korrekt
-sehen Wieder-
94%
-vereinigung Wieder-
94%
-holung Wieder-
93%
-herstellung Wieder-
92%
-gutmachung Wieder-
92%
-gabe Wieder-
90%
-kehr Wieder-
86%
-borstigkeit Wider-
82%
-sacher Wider-
82%
-streben Wider-
81%
-worte Wider-
81%
-spruch Wider-
80%
-käuer Wieder-
78%
-legung Wider-
77%
-stand Wider-
76%
-ruf Wider-
73%
-hall Wider-
47%
-spiegelung Wider-
39%
Keine übereinstimmenden Quizze gefunden
Verteilung der Resultate
Anzahl Personen mit jedem Resultat
Perzentil nach korrekt beantworteten Fragen
Ihre Resultats-Entwicklung
Sie haben dieses Quiz noch nicht gespielt